Stadtteilquiz Kassel - Statistiken

Allgemein
  • Dieses Quiz wurde 135 mal gespielt
  • Das Durchschnittsergebnis liegt bei 16 aus 24
Antworten auf der Karte
Die Antworten werden auf der Karte rot bzw. grün angezeigt, abhängig davon wie oft sie richtig erraten wurden.
 
Antwortstatistiken
Antwort % Korrekt
Nord-Holland
95%
Mitte
90%
Bad Wilhelmshöhe
89%
Kirchditmold
77%
Niederzwehren
75%
Harleshausen
73%
Oberzwehren
73%
Vorderer Westen
73%
Waldau
73%
Rothenditmold
69%
Südstadt
69%
Süsterfeld-Helleböhn
65%
Wolfsanger-Hasenhecke
64%
Bettenhausen
63%
Unterneustadt
63%
Brasselsberg
62%
Wehlheiden
60%
Wesertor
59%
Forstfeld
56%
Fasanenhof
54%
Nordshausen
52%
Philippinenhof-Warteberg
51%
Dönche
49%
Jungfernkopf
49%
Keine übereinstimmenden Quizze gefunden
Verteilung der Resultate
Anzahl Personen mit jedem Resultat
Perzentil nach korrekt beantworteten Fragen
Ihre Resultats-Entwicklung
Sie haben dieses Quiz noch nicht gespielt